[Event "Ruhrgebiet Verbandsklasse Gruppe 2 1415"]
[Site "Germany"]
[Date "2015.03.01"]
[Round "7.6"]
[White "Verfuerth, Christian"]
[Black "Reinhardt, Tobias"]
[Result "1-0"]
[WhiteElo "1863"]
[BlackElo "1725"]
[PlyCount "65"]
[EventDate "2014.09.21"]
[EventType "team-tourn"]
[EventRounds "9"]
[EventCountry "GER"]
[SourceTitle "EXT 2022"]
[Source "ChessBase"]
[SourceDate "2021.10.06"]
[SourceVersion "1"]
[SourceVersionDate "2021.10.06"]
[SourceQuality "1"]
[WhiteTeam "Horst Emscher II"]
[BlackTeam "Bochum SC an der Uni"]
[WhiteTeamCountry "GER"]
[BlackTeamCountry "GER"]

1. d4 Nf6 2. Nf3 e6 3. e3 d5 4. Bd3 Be7 5. 0-0 0-0 6. Nbd2 c5 7. b3 Nc6 8. a3 b6 9. Bb2 Bb7 10. Ne5 cxd4 11. exd4 Nd7 12. f4 Bd6 13. Qe2 Qc7 14. Rae1 Rae8 15. Qh5 f5 16. Nxd7 Qxd7 17. g3 Qf7 18. Qe2 Qf6 19. Nf3 h6 20. Ne5 Bxe5 21. fxe5 Qe7 22. c3 g5 23. Qh5 Kg7 24. g4 Bc8 25. gxf5 exf5 26. c4 Rd8 27. cxd5 Rxd5 28. Bc4 Rdd8 29. d5 Rxd5 30. e6+ Kh7 31. Bxd5 Qc5+ 32. Rf2 Qxd5 33. e7 1-0

[Event "Ruhrgebiet Verbandsklasse Gruppe 2 1415"]
[Site "Germany"]
[Date "2014.09.21"]
[Round "1.5"]
[White "Reinhardt, Tobias"]
[Black "Dreesbach, Tobias"]
[Result "0-1"]
[WhiteElo "1832"]
[BlackElo "1825"]
[PlyCount "66"]
[EventDate "2014.09.21"]
[EventType "team-tourn"]
[EventRounds "9"]
[EventCountry "GER"]
[SourceTitle "EXT 2022"]
[Source "ChessBase"]
[SourceDate "2021.10.06"]
[SourceVersion "1"]
[SourceVersionDate "2021.10.06"]
[SourceQuality "1"]
[WhiteTeam "Bochum SC an der Uni"]
[BlackTeam "Ahlen SV"]
[WhiteTeamCountry "GER"]
[BlackTeamCountry "GER"]

1. d4 Nf6 2. c4 g6 3. Nc3 Bg7 4. e4 d6 5. f3 0-0 6. Be3 e5 7. d5 Ne8 8. Qd2 f5 9. 0-0-0 Na6 10. Bh6 Nc5 11. h4 fxe4 12. Nxe4 Nxe4 13. fxe4 Nf6 14. Bxg7 Kxg7 15. Bd3 Bd7 16. Ne2 Ng4 17. h5 Nf2 18. hxg6 Nxh1 19. Rxh1 h5 20. Ng3 Kxg6 21. Be2 h4 22. Qe3 Qg5 23. Qxg5+ Kxg5 24. Nf1 Rf2 25. Kd1 Bg4 26. Bxg4 Kxg4 27. Ne3+ Kg5 28. Kc1 Rh8 29. a3 Kf4 30. Nf5 Kxe4 31. Rxh4+ Rxh4 32. Nxh4 Kd3 33. b3 Rf4 0-1